00805pam a2200241 a 4500001000500000005001700005020001800022040002300040050001900063082000800082100001600090245006400106250004800170260003600218300005700254505000800311520011400319521002000433521002000453650001900473650003600492700003500528297920250826142333.0 a9780590420440 aDLCcDLCdDLCbeng00aPZ7.Y78b 198700a8131 aYolen, Jane10aOwl moon /cby Jane Yolen ; illustrated by John Schoenherr. aThis edition first printing, September 2006 aNew York :bScholastic , c1987 a30 unnumbered pages :bcolor illustrations ;c28 cm. aM  aOn a winter's night under a full moon, a father and daughter trek into the woods to see the Great Horned Owl. a550 bLexile  aM bRaz-Plus  1aOwlsxFiction. 1aFathers and daughtersxFiction.1 aSchoenherr, Johneillustrator